| 000 | 01574nam a2200493 i 4500 | ||
|---|---|---|---|
| 001 | 30968 | ||
| 003 | KOSZ 005 | ||
| 005 | 20210811125937.0 | ||
| 008 | 980702s1996 pl f f |000 0 pol | ||
| 015 | _aUWD 1996/6261 | ||
| 020 | _a8386702273 | ||
| 035 | _a991004062239705066 | ||
| 035 | _a(PL-WaBN)b11079447-48omnis_nlop | ||
| 035 | _ab11079447 | ||
| 035 | _a(OCoLC)749308720 | ||
| 035 | _azz2003984652 | ||
| 035 | _a(PL)b0000001107944 | ||
| 035 | _a(EXLNZ-48OMNIS_NETWORK)9910271980305606 | ||
| 040 |
_aWA N _cWA N _dKR U _dKOSZ 005/HR |
||
| 046 | _k1996 | ||
| 080 | _a341( | ||
| 080 | _a075.8) | ||
| 100 | 1 |
_aAntonowicz, Lech _d(1928- ) _eAutor |
|
| 245 | 1 | 0 |
_aPodręcznik prawa międzynarodowego / _cLech Antonowicz. |
| 250 | _aWyd. 3 zm. | ||
| 260 |
_aWarszawa : _bWydawnictwa Prawnicze PWN, _c1996. |
||
| 300 |
_a238, [2] s. ; _c21 cm. |
||
| 336 |
_aTekst _btxt _2rdacontent |
||
| 337 |
_aBez urządzenia pośredniczącego _bn _2rdamedia |
||
| 338 |
_aWolumin _bnc _2rdacarrier |
||
| 380 | _aKsiążki | ||
| 380 | _aPublikacje dydaktyczne | ||
| 385 |
_mPoziom nauczania _aSzkoły wyższe |
||
| 388 | _a1901-2000 | ||
| 388 | _a1989-2000 | ||
| 504 | _aBibliogr. s. 234-236. | ||
| 650 | 7 |
_aPrawo międzynarodowe _2DBN |
|
| 655 | 7 |
_aPodręczniki akademickie _2DBN |
|
| 658 | _aPrawo i wymiar sprawiedliwości | ||
| 710 | 2 | _aWydawnictwa Prawnicze PWN | |
| 856 |
_uhttp://koha.tu.koszalin.pl/cgi-bin/koha/opac-detail.pl?biblionumber=30968 _yKatalogonline BPK |
||
| 942 |
_2UKD _cKS |
||
| 999 |
_c30968 _d30968 |
||